Estudos e debates em direitos humanos Volume II

Detalles Bibliográficos
Autor principal: Oliveira da Silveira, Vladmir
Otros Autores: Bs̤io Campello, Lv̕ia Gaigher
Formato: eBook
Lenguaje:portugués
Publicado: San Pablo: Letras Jurídicas Editora, 2012
Materias:
Acceso en línea:Acceso restringido

MARC

LEADER 00000nam a22000007a 4500
005 2020071400350.0
007 cr|||| ||||
008 200714s2012 br |||||s|||| 00||0 por d
020 |a 978-85-89917-99-5 
035 |a 31791 
040 |a vLex 
090 |c 10621  |d 10621 
100 1 |a Oliveira da Silveira, Vladmir 
245 1 0 |a Estudos e debates em direitos humanos  |h [Recurso electrn̤ico] /  |c Vladmir Oliveira da Silveira, Lv̕ia Gaigher Bs̤io Campello  |n Volume II 
256 |a Servicio en ln̕ea 
260 |a San Pablo:  |b Letras Jurídicas Editora,  |c 2012 
300 |a 1 recurso electrn̤ico 
506 1 |a Disponible solo en los productos indicados  |d vLex Global  |d vLex Global (Academic Edition, excluding Law Schools)  |d vLex Global (U.S. Academic Edition, Law Schools)  |d vLex Global (U.S. Academic Edition, excluding Law Schools)  |d vLex Global (Academic Edition, Law Schools) 
650 0 4 |a Derecho Constitucional  |z Brasil 
700 1 |a Bs̤io Campello, Lv̕ia Gaigher 
740 0 |a vLex Libros (Servicio en ln̕ea) 
856 4 0 |u http://vlex.com/source/estudos-e-debates-em-direitos-humanos-volume-ii-31791  |z Acceso restringido 
942 |c BOOK 
999 0 |a Constitutional right